000 00522nam a2200193Ia 4500
003 OSt
005 20250312092737.0
008 210210b1969 xxu||||| |||| 00| 0 eng d
040 _cAL
041 _aKannada
082 _aK894.3 SHAM
100 _aSHANTA SUDHAKARA.
_dಶಾಂತ ಸುಧಾಕರ
_9205701
245 _aManasa Sarovara
_bಮಾನಸ ಸರೋವರ
260 _aBengaluru
_bDarshana Prakashana
_c1969
300 _a208
690 _aKannada Fiction
_9205702
906 _a028174
942 _2ddc
_cBK
999 _c79430
_d79430